Generational Trends in Attitudes about Gun Ownership: A Data-Driven Learning Guide

Gespeichert in:  
Bibliographische Detailangaben
Körperschaft: Inter-university Consortium for Political and Social Research. VerfasserIn (Verfasst von)
Medienart: Elektronisch Buch
Sprache:Englisch
Veröffentlicht: Inter-university Consortium for Political and Social Research 2009
In:Jahr: 2009
Online-Zugang: Volltext (lizenzpflichtig)
Volltext (lizenzpflichtig)
Verfügbarkeit prüfen: HBZ Gateway

MARC

LEADER 00000cam a22000002c 4500
001 1912567245
003 DE-627
005 20250123055007.0
007 cr uuu---uuuuu
008 241217s2009 xx |||||o 00| ||eng c
024 7 |a 10.3886/gunattitudes  |2 doi 
035 |a (DE-627)1912567245 
035 |a (DE-599)KXP1912567245 
040 |a DE-627  |b ger  |c DE-627  |e rda 
041 |a eng 
084 |a 2,1  |2 ssgn 
110 2 |a Inter-university Consortium for Political and Social Research  |e VerfasserIn  |4 aut 
245 1 0 |a Generational Trends in Attitudes about Gun Ownership: A Data-Driven Learning Guide 
264 1 |b Inter-university Consortium for Political and Social Research  |c 2009 
300 |a Online-Ressource 
336 |a Text  |b txt  |2 rdacontent 
337 |a Computermedien  |b c  |2 rdamedia 
338 |a Online-Ressource  |b cr  |2 rdacarrier 
787 0 8 |i Forschungsdaten  |a Hemenway, David  |t National Firearms Survey, 1999  |d [Erscheinungsort nicht ermittelbar] : [Verlag nicht ermittelbar], 2007  |w (DE-627)1840057173 
856 4 0 |u https://doi.org/10.3886/gunattitudes  |x Resolving-System  |z lizenzpflichtig  |3 Volltext  |7 1 
856 4 0 |u http://www.icpsr.umich.edu/web/pages/instructors/ddlgs/guides/gunattitudes/index.html  |x Verlag  |z lizenzpflichtig  |3 Volltext  |7 1 
935 |a mkri 
951 |a BO 
ELC |a 1 
LOK |0 000 xxxxxcx a22 zn 4500 
LOK |0 001 4637532744 
LOK |0 003 DE-627 
LOK |0 004 1912567245 
LOK |0 005 20241217044519 
LOK |0 008 241217||||||||||||||||ger||||||| 
LOK |0 035   |a (DE-2619)ICPSR111129 
LOK |0 040   |a DE-2619  |c DE-627  |d DE-2619 
LOK |0 092   |o n 
LOK |0 852   |a DE-2619 
LOK |0 852 1  |9 00 
LOK |0 935   |a nacp 
LOK |0 939   |a 17-12-24  |b l01 
OAS |a 1 
ORI |a SA-MARC-krimdoka001.raw